INDIA CAN BE 'MAHAN'/ (Record no. 201074)
[ view plain ]
| 000 -LEADER | |
|---|---|
| fixed length control field | 00725nam a22002297a 4500 |
| 005 - DATE AND TIME OF LATEST TRANSACTION | |
| control field | 20240227121856.0 |
| 008 - FIXED-LENGTH DATA ELEMENTS--GENERAL INFORMATION | |
| fixed length control field | 090826t xxu||||| |||| 00| 0 eng d |
| 010 ## - LCCN (DPL NO) | |
| LC control number | ENG-139454 |
| 020 ## - INTERNATIONAL STANDARD BOOK NUMBER | |
| International Standard Book Number | 8172653298 |
| Terms of availability | 140.00/- |
| 035 ## - SYSTEM CONTROL NUMBER | |
| System control number | EN-122986 |
| 037 ## - SOURCE OF ACQUISITION | |
| Source of stock number/acquisition | DBAD/PUB |
| 040 ## - CATALOGING SOURCE | |
| Language of cataloging | English |
| 082 ## - DEWEY DECIMAL CLASSIFICATION NUMBER | |
| Classification number | 954 |
| 100 ## - MAIN ENTRY--PERSONAL NAME | |
| 9 (RLIN) | 36944 |
| Personal name | THAWANI, S.C. |
| 245 ## - TITLE STATEMENT | |
| Title | INDIA CAN BE 'MAHAN'/ |
| Statement of responsibility, etc | S.C. THAWANI |
| 260 ## - PUBLICATION, DISTRIBUTION, ETC. (IMPRINT) | |
| Name of publisher, distributor, etc | SNEHAVARDHAN PUBLISHING HOUSE |
| Place of publication, distribution, etc | PUNE |
| Date of publication, distribution, etc | 2012 |
| 270 ## - ADDRESS | |
| Address | 863, SARDASHIV PETH |
| City | PUNE |
| Postal code | 411030 |
| 300 ## - PHYSICAL DESCRIPTION | |
| Extent | 136p. |
| Dimensions | 21CM(PBK) |
| 700 ## - ADDED ENTRY--PERSONAL NAME | |
| Personal name | DR. VIRENDER S. POONIA |
| 9 (RLIN) | 62536 |
| 700 ## - ADDED ENTRY--PERSONAL NAME | |
| Personal name | MEENAKSHI POONIA |
| 9 (RLIN) | 62537 |
| 942 ## - ADDED ENTRY ELEMENTS (KOHA) | |
| Source of classification or shelving scheme | Dewey Decimal Classification |
| Item type | English Books |
| Call number suffix | THA |
| Edition | FIRST-2012 |
| Withdrawn status | Lost status | Source of classification or shelving scheme | Damaged status | Not for loan | Collection code | Home library | Current library | Date acquired | Source of acquisition | Cost, normal purchase price | Total Checkouts | Full call number | Barcode | Date last seen | Copy number | Cost, replacement price | Koha item type |
|---|---|---|---|---|---|---|---|---|---|---|---|---|---|---|---|---|---|
| Dewey Decimal Classification | Fiction | Bawana | Bawana | 27/02/2024 | DBAD | 140.00 | 954 THA | EN-122986 | 27/02/2024 | 1 | 140.00 | English Books |
